000 00299nam a2200109Ia 4500
008 231129s9999||||xx |||||||||||||| ||spa||
082 _aER- 484
100 _aInstituto de Cultura de Pereira
245 0 _aPereira Cultural Nº 9
264 _aPereira: Gráficas Olí­mpica 1996
942 _2ddc
_cBKS
999 _c22659
_d22659